Афоно-Ильинский листок. [1914 г.], № 356: Храните свято церковные посты (Запись № 13080603)

Подробности
000 -МАРКЕР
контрольное поле 01197nam2a2200253 4500
001 - ИДЕНТИФИКАТОР ЗАПИСИ
контрольное поле RU\NLR\BIBL_A\022213644
005 - ИДЕНТИФИКАТОР ВЕРСИИ
контрольное поле 20250625161447.0
035 ## - ДРУГИЕ СИСТЕМНЫЕ НОМЕРА
Идентификатор записи (NLR Aleph) 022213644
100 ## - ДАННЫЕ ОБЩЕЙ ОБРАБОТКИ
Данные общей обработки 20081111d1914 |||y0rusy50 ca
101 0# - ЯЗЫК РЕСУРСА
Язык текста, звукозаписи и т.д. русский
102 ## - СТРАНА ПУБЛИКАЦИИ ИЛИ ПРОИЗВОДСТВА
Страна публикации Российская Федерация
105 ## - ПОЛЕ КОДИРОВАННЫХ ДАННЫХ: ТЕКСТОВЫЕ МАТЕРИАЛЫ, МОНОГРАФИЧЕСКИЕ
Кодированные данные о монографическом текстовом документе y zw 000yy
200 1# - ЗАГЛАВИЕ И СВЕДЕНИЯ ОБ ОТВЕТСТВЕННОСТИ
Основное заглавие Храните свято церковные посты
Первые сведения об ответственности [священник Григорий Закрицкий]
210 ## - ПУБЛИКАЦИЯ, РАСПРОСТРАНЕНИЕ И ДР.
Дата издания, распространения и т.д. [1914]
Имя изготовителя Тип. "Русской Речи"
Место издания, распространения и т.д. Б. м.
215 ## - ФИЗИЧЕСКАЯ ХАРАКТЕРИСТИКА
Специфическое обозначение материала и объем 8 с.
300 ## - ОБЩИЕ ПРИМЕЧАНИЯ
Текст примечания Год изд. установлен по дате получения обязат. экз.
461 #0 - УРОВЕНЬ НАБОРА
Встроенное поле 001v19\rc\2065452
-- 2001#$aАфоно-Ильинский листок$v[1914 г.], № 356
Системный номер (АБИС) связанной записи 4806829
Место публикации [Одесса]
Дата публикации 1899-[1915]
Первые сведения об ответственности издание русскаго Св.-Ильинскаго скита на Афоне
Имя издателя, распространителя и т.д. печатано в типографии Епархиальн. Дома
Заглавие Афоно-Ильинский листок
Номер тома [1914 г.], № 356
700 #1 - ИМЯ ЛИЦА - ПЕРВИЧНАЯ ОТВЕТСТВЕННОСТЬ
Начальный элемент ввода Закрицкий
Часть имени, кроме начального элемента ввода Г.
Расширение инициалов личного имени Григорий
852 ## - МЕСТОНАХОЖДЕНИЕ И ШИФР ХРАНЕНИЯ
Идентификатор организации NLR
Шифр хранения (Call Number) 20.37.9.352(1914-356)
942 ## - ДОПОЛНИТЕЛЬНЫЕ ЭЛЕМЕНТЫ ЗАПИСИ (АБИС)
Тип экземпляра АБИС Книга
980 ## - КОЛЛЕКЦИЯ
Название коллекции Национальная библиография
Экземпляры
Тип экземпляра Дата поступления Библиотека постоянного хранения Библиотека текущего хранения Место хранения Шифр хранения Штрих-код Статус экземпляра
Книга 14.05.2024 РНБ (Садовая) РНБ (Садовая) Русский книжный фонд -Главное здание, Ленинский читальный зал 20.37.9.352(1914-356) 22213644-10